|
|
|
|
| LEADER |
00000cam a2200000 i 4500 |
| 001 |
1/37615 |
| 008 |
061114s1994 gr | ||| |||| ||gre|| |
| 035 |
|
|
|l 10086135
|
| 040 |
|
|
|a GR-MY-UA
|b gre
|e aacr
|
| 041 |
0 |
|
|a gre
|
| 082 |
7 |
|
|a 351.06094956
|2 (22)
|
| 100 |
1 |
|
|a Μαγαλιού, Λαμπρινή Αντ.
|
| 245 |
1 |
0 |
|a Εκπαιδευτική και κοινωνική δραστηριότητα των συλλόγων της Θεσσαλονίκης
|h [ανάτυπο] /
|c Λαμπρινή Μαγαλιού.
|
| 260 |
|
|
|a [Θεσσαλονίκη] :
|b [χ.ό.],
|c [1994].
|
| 300 |
|
|
|a π. 20 σ. ;
|c 24 εκ.
|
| 500 |
|
|
|a Ανάτυπο από το συμπόσιο "Τα ελληνικά σχολεία στη Θεσσαλονίκη κατά τον τελευταίο αιώνα της Τουρκοκρατίας" του Κέντρου Ιστορίας Θεσσαλονίκης του Δήμου Θεσσαλόνικης.
|
| 650 |
|
0 |
|a Nonprofit organizations
|z Greece
|z Thessalonike.
|
| 650 |
|
0 |
|a Associations, institutions, etc.
|z Greece
|z Thessalonike
|x History
|y 19th century.
|
| 650 |
|
0 |
|a Education
|z Greece
|z Thessalonike
|x History
|y 19th century.
|
| 852 |
|
|
|a INST
|b RHODES
|e 20061114
|h 351.06094956 ΜΑΓ
|p 005400024146
|q 005400024146
|t BK
|y 0
|
| 901 |
|
|
|a BIBL4-2006-3
|
| 970 |
|
|
|a ΚΟΖΑ
|b ΜΑΡΙΑ
|z 2006/11/10
|